History of the art of war in the middle ages. (Record no. 798954)

MARC details
000 -LEADER
fixed length control field 00629nam a2200229Ia 4500
003 - CONTROL NUMBER IDENTIFIER
control field OSt
005 - DATE AND TIME OF LATEST TRANSACTION
control field 20220928133302.0
008 - FIXED-LENGTH DATA ELEMENTS--GENERAL INFORMATION
fixed length control field 220927b |||||||| |||| 00| 0 hin d
037 ## - SOURCE OF ACQUISITION
Terms of availability Textual
040 ## - CATALOGING SOURCE
Original cataloging agency SDCL
Transcribing agency SDCL
Language of cataloging hin
041 ## - LANGUAGE CODE
Source of code hin
Language code of text/sound track or separate title hin
100 ## - MAIN ENTRY--PERSONAL NAME
Personal name Oman Charles
9 (RLIN) 485105
245 #0 - TITLE STATEMENT
Title History of the art of war in the middle ages.
260 ## - PUBLICATION, DISTRIBUTION, ETC.
Place of publication, distribution, etc. London
Name of publisher, distributor, etc. Methuen
Date of publication, distribution, etc. 1978
490 ## - SERIES STATEMENT
Volume/sequential designation V1:A D 378-1278.xv,526p.
942 ## - ADDED ENTRY ELEMENTS (KOHA)
Classification part V5,94'I8, L8.1-.2
Koha item type Textual
Source of classification or shelving scheme Colon Classification (CC)
Holdings
Withdrawn status Lost status Damaged status Not for loan Home library Current library Date acquired Serial Enumeration / chronology Total Checkouts Full call number Barcode Date last seen Price effective from Koha item type
        South Campus Library South Campus Library 2022-09-28 V1:A D 378-1278.xv,526p.   V5,94'I8 L8.1-.2 SC0673520 2022-09-28 2022-09-28 Textual
Copyright @ Delhi University Library System